| 000 | 00535nam a22001217a 4500 | ||
|---|---|---|---|
| 040 | _cRUA | ||
| 082 | _aA102 ប្រាជ្ញ 2014 C160 Or.1 | ||
| 100 | _aប្រាជ្ញ វិជ័យ | ||
| 245 | _aPersonal leading to success at any age , ទោះអាយុប៉ុន្មានក៏អាចដឹកនាំជីវីតផ្ទាល់ខ្លួនឳ្យជោគជ័យបានដែរ | ||
| 260 |
_aPHNOM PENH _bRUA _c2014 |
||
| 300 |
_a174p. _bill. _c22cm. |
||
| 942 | _cអភិវឌ្ឍន៍ | ||
| 999 |
_c25677 _d25677 |
||